Передачи зубчатые; ГОСТ 16530-83 Передачи зубчатые. Общие термины, определения и обозначения; ГОСТ 16531-83 Передачи зубчатые цилиндрические. Термины, определения и обозначения; ГОСТ 16532-83 Передачи зубчатые цилиндрические эвольвентные внешнего зацепления. Расчет геометрии

Bibliografiske detaljer
Institution som forfatter: СССР Государственный комитет по стандартам (Госстандарт)
Sprog:russisk
Udgivet: Москва, Изд-во стандартов, 1983
Udgivelse:Изд. офиц.
TOC:ГОСТ 16530-83 Передачи зубчатые. Общие термины, определения и обозначения;
ГОСТ 16531-83 Передачи зубчатые цилиндрические. Термины, определения и обозначения;
ГОСТ 16532-83 Передачи зубчатые цилиндрические эвольвентные внешнего зацепления. Расчет геометрии;
Serier:Государственные стандарты
Fag:
Format: MixedMaterials Bog
KOHA link:https://koha.lib.tpu.ru/cgi-bin/koha/opac-detail.pl?biblionumber=154736

MARC

LEADER 00000nam0a2200000 4500
001 154736
005 20231031152013.0
035 |a (RuTPU)RU\TPU\book\167834 
035 |a RU\TPU\book\167833 
090 |a 154736 
100 |a 20090304d1983 km y0rusy50 ca 
101 0 |a rus 
102 |a RU 
105 |a a l 000zy 
200 1 |a Передачи зубчатые 
205 |a Изд. офиц. 
210 |a Москва  |c Изд-во стандартов  |d 1983 
215 |a 119 с.  |c ил. 
225 1 |a Государственные стандарты 
464 |t ГОСТ 16530-83 Передачи зубчатые. Общие термины, определения и обозначения 
464 |t ГОСТ 16531-83 Передачи зубчатые цилиндрические. Термины, определения и обозначения 
464 |t ГОСТ 16532-83 Передачи зубчатые цилиндрические эвольвентные внешнего зацепления. Расчет геометрии 
610 1 |a ГОСТы 
610 1 |a стандарты 
610 1 |a зубчатые передачи 
610 1 |a термины 
610 1 |a определения 
610 1 |a обозначения 
610 1 |a расчет 
712 0 1 |a СССР  |b Государственный комитет по стандартам (Госстандарт)  |c (1978-1989)  |2 stltpush  |3 (RuTPU)RU\TPU\col\12454 
801 2 |a RU  |b 63413507  |c 20221208  |g PSBO 
942 |c BK